Finančné vzdelávanie a finančná gramotnosť na SŠ bakalárska práca

Enregistré dans:
Détails bibliographiques
Auteur principal: Slepáková, Katarína
Collectivité auteur: Podnikovohospodárska fakulta EU so sídlom v Košiciach. Katedra ekonómie
Autres auteurs: Bačová, Monika
Format: Livre
Langue:slovaque
Publié: Košice 2013
Tags: Ajouter un tag
Pas de tags, Soyez le premier à ajouter un tag!

MARC

LEADER 00000nbm a2200000 4500
001 0172289
005 20240827092318.6
041 0 |a slo 
044 |a SK 
245 1 0 |a Finančné vzdelávanie a finančná gramotnosť na SŠ  |b bakalárska práca  |c Katarína Slepáková ; školiteľ: Monika Bačová 
264 1 |a Košice  |c 2013 
300 |a 51 s. 
100 1 |a Slepáková, Katarína 
700 1 |a Bačová, Monika 
710 2 |a Podnikovohospodárska fakulta EU so sídlom v Košiciach. Katedra ekonómie